〈プロ野球〉個人タイトルの種類 - Statistics

General Stats
  • This quiz has been taken 565 times
    396 since last reset
  • The average score is 15 of 23
Answer Stats
対象 表彰 % Correct
野手 最多本塁打者賞
95%
投手 最多勝利投手賞
93%
投手 最優秀防御率投手賞
89%
野手 最多盗塁者賞
88%
投手 最多セーブ投手賞
86%
投手 最優秀中継ぎ投手賞
85%
投手 沢村栄治賞
85%
野手 首位打者賞
85%
野手 最多打点者賞
83%
共通 最優秀選手賞
83%
共通 ゴールデン・グラブ賞
83%
投手 最多三振奪取投手賞
82%
野手 最多安打者賞
82%
共通 ベストナイン賞
79%
野手 最高出塁率者賞
69%
投手 勝率第一位投手賞
66%
共通 最優秀新人賞
64%
その他 正力松太郎賞
35%
共通 カムバック賞
32%
その他 最優秀監督賞
22%
その他 コミッショナー/リーグ特別賞
12%
共通 スピードアップ賞
11%
その他 コミッショナー/ リーグ功労賞
6%
No matching quizzes found
Score Distribution
Percent of People with Each Score
Percentile by Number Answered
Your Score History
You have not taken this quiz since the last reset